La universidad, la sociedad y la antropología /

Guardado en:
Bibliografiske detaljer
Hovedforfatter: Lischetti, Mirtha
Format: Texto
Fag:
Tags: Tilføj Tag
Ingen Tags, Vær først til at tagge denne postø!

MARC

LEADER 00000 a a2200000 04500
001 16061
003
040
100 |a Lischetti, Mirtha  
245 |a La universidad, la sociedad y la antropología /  |c Mirtha Lischetti 
650 |a ENSEÑANZA SUPERIOR  
650 |a ANTROPOLOGIA  
650 |a CONFLICTOS SOCIALES  
650 |a ARGENTINA  
773 |g volumen 14; páginas 9-15  
999 |c 25266  |d 25266